[Event "Chigorin Memorial"]
[Site "St Petersburg RUS"]
[Date "2012.11.01"]
[Round "6.75"]
[White "Kuratov, Vasily"]
[Black "Popov, Valerij"]
[Result "1/2-1/2"]
[BlackTitle "GM"]
[WhiteElo "2225"]
[BlackElo "2577"]
[WhiteFideId "34114600"]
[BlackFideId "4119410"]
[EventDate "2012.10.27"]

1. e4 c5 2. Nf3 d6 3. d4 cxd4 4. Nxd4 Nf6 5. Nc3 a6 6. Be2 e5 7. Nb3 Be7 8. O-O
O-O 9. Be3 Be6 10. a4 Nbd7 11. f4 Rc8 12. f5 Bc4 13. Bxc4 Rxc4 14. Qd3 Qc7 15.
Kh1 Rc8 16. a5 h6 17. Rfe1 d5 18. exd5 e4 19. Qe2 Bd6 20. Bg1 Be5 21. Nd2 Rb4
22. Ndxe4 Rxb2 23. Nxf6+ Bxf6 24. Ne4 Rxc2 25. Nxf6+ Nxf6 26. Qd3 Rc3 27. Qd2
Rc2 28. Qd3 Rc3 29. Qd2 Qd7 30. Rad1 Qxf5 31. d6 Rc2 32. Qd3 Qxd3 33. Rxd3 Rd8
34. h3 Rc6 35. Red1 Rd7 36. Bh2 Rc5 37. Ra3 Nd5 38. Rb1 Nc3 39. Re1 f6 40. Rb3
Rc6 41. Re7 Rxe7 42. dxe7 Kf7 43. Rxb7 Re6 44. e8=Q+ Kxe8 45. Bb8 g6 46. Kg1
Re1+ 47. Kf2 Rb1 48. Rxb1 Nxb1 49. Ke3 Kd7 50. Kd4 Kc6 51. g4 Nd2 52. Bf4 Nf3+
53. Ke3 Ng5 54. h4 Nf7 55. Kd4 g5 56. Bg3 Nd6 57. Be1 Nc8 58. Ke4 Nd6+ 59. Kd4
Nc8 60. Ke4 Ne7 61. Bc3 gxh4 62. Bxf6 Ng6 63. Kf3 Kb5 64. Bc3 Kc4 65. Bg7 Kb5
66. Bc3 Kc4 67. Bd2 Ne5+ 68. Kg2 Kb5 69. Kh3 Ng6 70. Kh2 Ka4 71. Kh3 Kb5 72. Kh2
Ka4 1/2-1/2

[Event "Chigorin Memorial"]
[Site "St Petersburg RUS"]
[Date "2012.11.01"]
[Round "6.78"]
[White "Kiselev, Pavel"]
[Black "Iljiushenok, Ilia"]
[Result "1-0"]
[WhiteElo "2188"]
[BlackElo "2427"]
[WhiteFideId "4191102"]
[BlackFideId "24105074"]
[EventDate "2012.10.27"]

1. d4 Nf6 2. Nf3 d5 3. c4 e6 4. Nc3 c6 5. cxd5 exd5 6. Bg5 Be7 7. e3 Bf5 8. Nh4
Be6 9. Bd3 h6 10. Bf4 Nbd7 11. Nf5 Bxf5 12. Bxf5 Nf8 13. Qc2 Bd6 14. O-O g6 15.
Bh3 Bxf4 16. exf4 N8h7 17. Rfe1+ Kf8 18. Qb3 Qc7 19. Qb4+ Kg7 20. Re7 Qxf4 21.
Rxf7+ Kxf7 22. Qxb7+ Nd7 23. Qxd7+ Kf8 24. Qxc6 Rd8 25. Nxd5 Qxd4 26. Bd7 Ng5
27. Qc7 Rxd7 28. Qxd7 Nf7 29. Qe7+ Kg8 30. Nf6+ Kg7 31. Ne8+ Kg8 32. Re1 Qxb2
33. Nc7 Qd2 34. h3 a5 35. Rb1 Qd8 36. Qc5 Kh7 37. Nd5 Re8 38. Rb7 Kg7 39. Qd4+
Kf8 40. Qc5+ Kg7 41. Qc6 g5 42. g3 Re5 43. Rd7 Re1+ 44. Kh2 Qe8 45. Qf6+ Kf8 46.
Ra7 Re6 47. Qf3 Re2 48. Nf6 g4 49. Qa3+ 1-0

[Event "Chigorin Memorial"]
[Site "St Petersburg RUS"]
[Date "2012.11.01"]
[Round "6.80"]
[White "Torlopov, Nikita"]
[Black "Svetlov, Dmitry"]
[Result "1/2-1/2"]
[BlackTitle "FM"]
[WhiteElo "2184"]
[BlackElo "2399"]
[WhiteFideId "4191722"]
[BlackFideId "24102610"]
[EventDate "2012.10.27"]

1. d4 Nf6 2. c4 g6 3. Nc3 d5 4. Nf3 Bg7 5. Bf4 O-O 6. Rc1 c6 7. h3 dxc4 8. e3 b5
9. a4 Qb6 10. Be2 Nbd7 11. e4 b4 12. Nb1 Nxe4 13. Bxc4 Nd6 14. Be2 Nf5 15. O-O
Nxd4 16. Nxd4 Bxd4 17. a5 Qxa5 18. Qxd4 e5 19. Qd6 exf4 20. Rxc6 Qe5 21. Bf3 Rb8
22. Qc7 Qxb2 23. Qxa7 Ne5 24. Qxb8 Nxf3+ 25. gxf3 Bxh3 26. Qxf4 Bxf1 27. Nd2 Bd3
28. Rb6 Qc1+ 29. Kh2 Rd8 30. Rb8 Rc8 31. Rxc8+ Qxc8 32. Qxb4 Qf5 33. Qg4 Qe5+
34. Qg3 Qe2 35. Qb8+ Kg7 36. Qb2+ f6 37. Kg3 g5 38. Qb7+ Kg6 39. Ne4 h5 40. Qe7
h4+ 41. Kg2 Bxe4 42. fxe4 g4 43. Qe8+ Kg5 44. Qg8+ Kf4 45. Qb8+ Kxe4 46. Qe8+
Kd3 47. Qb5+ Kd2 48. Qb2+ Ke1 49. Qc1+ Qd1 50. Qe3+ Qe2 51. Qc1+ Qd1 1/2-1/2

[Event "Chigorin Memorial"]
[Site "St Petersburg RUS"]
[Date "2012.11.01"]
[Round "6.81"]
[White "Nikitinyh, Boris"]
[Black "Nezad, Husein Aziz"]
[Result "0-1"]
[BlackTitle "IM"]
[WhiteElo "2142"]
[BlackElo "2396"]
[WhiteFideId "4198328"]
[BlackFideId "12100293"]
[EventDate "2012.10.27"]

1. e4 e5 2. Nf3 Nc6 3. Bb5 a6 4. Ba4 Nge7 5. O-O g6 6. d4 exd4 7. Nxd4 Bg7 8.
Be3 O-O 9. Nc3 Na5 10. b4 Nc4 11. Bc1 d5 12. Nxd5 Nxd5 13. exd5 Qxd5 14. c3 b5
15. Bb3 Bb7 16. Qg4 Rfe8 17. Be3 c5 18. bxc5 Qxc5 19. Ne6 Qc8 0-1

[Event "Chigorin Memorial"]
[Site "St Petersburg RUS"]
[Date "2012.11.01"]
[Round "6.82"]
[White "Lugovskoy, Maxim"]
[Black "Bukhteeva, Viktoria"]
[Result "1-0"]
[WhiteTitle "FM"]
[BlackTitle "WFM"]
[WhiteElo "2372"]
[BlackElo "2165"]
[WhiteFideId "24126454"]
[BlackFideId "4192907"]
[EventDate "2012.10.27"]

1. e4 c5 2. Nf3 d6 3. d4 cxd4 4. Nxd4 Nf6 5. Nc3 Nc6 6. Bg5 e6 7. Qd2 a6 8.
O-O-O Bd7 9. f4 b5 10. Bxf6 gxf6 11. f5 h5 12. Kb1 Qb6 13. Nxc6 Bxc6 14. Bd3 b4
15. Ne2 e5 16. Ng3 h4 17. Nf1 Bh6 18. Qe2 d5 19. exd5 Bxd5 20. Nd2 Qe3 21. Qg4
Qf4 22. Qe2 Qe3 23. Qf1 h3 24. gxh3 Bxh1 25. Qxh1 Rc8 26. Nc4 Rxc4 27. Qa8+ Ke7
28. Qb7+ 1-0

[Event "Chigorin Memorial"]
[Site "St Petersburg RUS"]
[Date "2012.11.01"]
[Round "6.83"]
[White "Dmitriev, Igor"]
[Black "Napalkov, Vladimir"]
[Result "1-0"]
[WhiteTitle "IM"]
[WhiteElo "2340"]
[BlackElo "2150"]
[WhiteFideId "4114833"]
[BlackFideId "4149424"]
[EventDate "2012.10.27"]

1. g3 d5 2. c4 e6 3. Bg2 Nf6 4. d3 dxc4 5. Qa4+ Bd7 6. Qxc4 Bc6 7. Nf3 Be7 8.
O-O O-O 9. Nbd2 a6 10. Nb3 Bd5 11. Qc3 b6 12. a4 Nbd7 13. Bf4 c5 14. e4 Bb7 15.
Nfd2 Nh5 16. Be3 Bf6 17. Qc2 Ne5 18. a5 Nxd3 19. axb6 Rc8 20. Nc4 Nb4 21. Qe2
Qd3 22. Qxd3 Nxd3 23. Nba5 1-0

[Event "Chigorin Memorial"]
[Site "St Petersburg RUS"]
[Date "2012.11.01"]
[Round "6.85"]
[White "Vuilleumier, Alexandre"]
[Black "Ivanov, Rostislav"]
[Result "1-0"]
[WhiteTitle "IM"]
[BlackTitle "FM"]
[WhiteElo "2326"]
[BlackElo "2146"]
[WhiteFideId "1305662"]
[BlackFideId "4160495"]
[EventDate "2012.10.27"]

1. e4 c5 2. Nf3 d6 3. d4 cxd4 4. Nxd4 Nf6 5. Nc3 a6 6. Be3 e5 7. Nb3 Be7 8. Qd2
O-O 9. O-O-O Be6 10. f4 Ng4 11. g3 Nxe3 12. Qxe3 Nc6 13. Kb1 Bxb3 14. cxb3 b5
15. h4 Re8 16. Nd5 Bf8 17. f5 Nd4 18. g4 Rc8 19. g5 Rc5 20. Bh3 Kh8 21. b4 Rxd5
22. exd5 Qa8 23. Qe4 Rb8 24. h5 a5 25. h6 f6 26. hxg7+ Bxg7 27. Bg2 1-0

[Event "Chigorin Memorial"]
[Site "St Petersburg RUS"]
[Date "2012.11.01"]
[Round "6.88"]
[White "Barhudarian, Rafael"]
[Black "Pyatin, Alexander"]
[Result "0-1"]
[WhiteTitle "FM"]
[WhiteElo "2305"]
[BlackElo "2091"]
[WhiteFideId "4182685"]
[BlackFideId "24125920"]
[EventDate "2012.10.27"]

1. Nc3 Nf6 2. d4 d5 3. Qd3 Nbd7 4. Bg5 e6 5. e4 dxe4 6. Nxe4 Be7 7. Nxf6+ Nxf6
8. Nf3 O-O 9. h4 b6 10. Bf4 Bd6 11. Be5 h6 12. g4 Bb7 13. Rg1 Bxe5 14. Nxe5 Nd7
15. Nxd7 Qxd7 16. O-O-O Qd6 17. Qe3 Rad8 18. g5 h5 19. Be2 g6 20. Bxh5 gxh5 21.
g6 fxg6 22. Rxg6+ Kf7 23. Rdg1 Rd7 24. Rxe6 Qxe6 25. Rg7+ Kxg7 26. Qxe6 Rff7 27.
Qe5+ Kf8 28. Qxh5 Ke8 29. f4 Re7 30. b3 Kd8 31. Qg5 Be4 32. Kb2 Kc8 33. d5 Bf5
34. Qg2 Rg7 35. Qf1 Kb7 36. h5 Be4 37. f5 Ref7 38. Qc4 Bxf5 39. h6 Rh7 40. Qc6+
Kb8 41. a4 Bd7 42. Qg6 Bf5 43. Qc6 Rd7 44. a5 Rd6 45. Qe8+ Bc8 46. c4 Rhxh6 47.
Qe5 Rhf6 48. Ka3 Rf5 49. Qe8 Rf3 50. Qe4 Rh3 51. c5 bxc5 52. Qc4 Ba6 53. Qxc5
Rd3 54. Qb4+ Bb7 55. Qb5 R6xd5 56. Qe8+ Rd8 57. Qb5 a6 58. Qb4 Rf3 59. Qg4 Rdd3
60. Qg8+ Bc8 61. Ka4 Kb7 62. Qg6 Bd7+ 63. Kb4 Rxb3+ 64. Kc4 Bc6 65. Qh6 Ra3 0-1

[Event "Chigorin Memorial"]
[Site "St Petersburg RUS"]
[Date "2012.11.01"]
[Round "6.89"]
[White "Antinyan, Armen"]
[Black "Pavlov, Aleksandr"]
[Result "1-0"]
[WhiteElo "2177"]
[BlackElo "2300"]
[WhiteFideId "13303112"]
[BlackFideId "4119924"]
[EventDate "2012.10.27"]

1. e4 c5 2. Nf3 d6 3. c3 Nf6 4. h3 a6 5. Bd3 e5 6. Bc2 Be7 7. d4 Nc6 8. dxc5
dxc5 9. Qe2 O-O 10. O-O Qc7 11. Nbd2 b5 12. Rd1 Nh5 13. Nf1 Nf4 14. Qe1 g6 15.
Ne3 Bd6 16. a4 Rb8 17. axb5 axb5 18. h4 Nd4 19. cxd4 cxd4 20. Qd2 dxe3 21. Qxd6
Qxc2 22. Bxe3 Bg4 23. Qxe5 Bxf3 24. gxf3 Ne6 25. Rd6 Rbd8 26. Raa6 Ng7 27. Bd4 1-0

[Event "Chigorin Memorial"]
[Site "St Petersburg RUS"]
[Date "2012.11.01"]
[Round "6.90"]
[White "Papp, Petra"]
[Black "Zhilchikov, Nikolai"]
[Result "0-1"]
[WhiteTitle "WGM"]
[WhiteElo "2298"]
[BlackElo "2077"]
[WhiteFideId "739049"]
[BlackFideId "4137264"]
[EventDate "2012.10.27"]

1. e4 c5 2. Nf3 d6 3. d4 Nf6 4. Nc3 cxd4 5. Nxd4 e6 6. Be3 Nc6 7. Be2 Be7 8. Qd2
O-O 9. f4 a6 10. O-O-O Nd7 11. g4 Nxd4 12. Qxd4 b5 13. g5 Bb7 14. a3 Rc8 15.
Rhg1 Re8 16. h4 Nc5 17. Bf3 Qc7 18. Kb1 Na4 19. Bd2 Red8 20. Qd3 Nc5 21. Qe2 Bf8
22. h5 d5 23. exd5 exd5 24. Be3 d4 25. Rxd4 Rxd4 26. Bxd4 Qxf4 27. Bxb7 Nxb7 28.
Be5 Qf5 29. g6 hxg6 30. hxg6 fxg6 31. Rf1 Qe6 32. Qf3 Nd6 33. Re1 Nc4 34. Qb7
Nxe5 35. Rxe5 Qc6 36. Qxc6 Rxc6 37. a4 bxa4 38. Nxa4 Kf7 39. Nc3 Be7 40. Re4 g5
41. Kc1 Bf6 42. Nd5 Rc5 43. c4 Kg6 44. b4 Rc8 45. Kc2 Kf5 46. Kd3 Rd8 47. Re2 g4
48. Ke3 Re8+ 49. Kf2 Bd4+ 50. Kf1 Rxe2 51. Kxe2 Ke4 52. Nc7 g3 53. Ne6 g2 54.
Ng5+ Kf5 55. Nf3 g1=Q 56. Nxg1 Bxg1 57. c5 Ke6 58. Kf3 Kd5 59. Kf4 Bxc5 0-1

[Event "Chigorin Memorial"]
[Site "St Petersburg RUS"]
[Date "2012.11.01"]
[Round "6.92"]
[White "Kostrikina, Anna"]
[Black "Mikheev, Stanislav"]
[Result "1/2-1/2"]
[WhiteTitle "WFM"]
[BlackTitle "IM"]
[WhiteElo "2138"]
[BlackElo "2286"]
[WhiteFideId "4176219"]
[BlackFideId "4135920"]
[EventDate "2012.10.27"]

1. e4 e6 2. d4 d5 3. Nd2 Nf6 4. e5 Nfd7 5. Bd3 c5 6. c3 Nc6 7. Ne2 cxd4 8. cxd4
f6 9. Nf4 Nxd4 10. Qh5+ Ke7 11. Ng6+ hxg6 12. exf6+ Nxf6 13. Qxh8 Kf7 14. O-O e5
15. Nb3 Nxb3 16. axb3 Bf5 17. Bxf5 gxf5 18. Bg5 Bc5 19. Qh4 Qb6 20. Bxf6 Qxf6
21. Qh5+ g6 22. Qh7+ Qg7 23. Qh4 Ke6 24. Qa4 Qd7 25. Qa5 Bb6 26. Qd2 Rh8 27. Qg5
Qh7 28. h3 Qh5 29. Qg3 f4 30. Qc3 g5 31. Rfe1 e4 32. Rad1 g4 33. Rxe4+ dxe4 34.
Qc4+ Ke7 35. Qxe4+ Kf8 36. Qxf4+ Qf7 37. Qb8+ Qe8 38. Qf4+ Qf7 39. Qb8+ Qe8 40.
Qf4+ Qf7 1/2-1/2

[Event "Chigorin Memorial"]
[Site "St Petersburg RUS"]
[Date "2012.11.01"]
[Round "6.93"]
[White "Fedorov, Viktor"]
[Black "Faizrakhmanov, Ramil"]
[Result "0-1"]
[WhiteElo "2118"]
[BlackElo "2283"]
[WhiteFideId "24195430"]
[BlackFideId "24103209"]
[EventDate "2012.10.27"]

1. Nf3 Nf6 2. d4 e6 3. Nbd2 c5 4. e3 b6 5. Be2 Bb7 6. O-O Be7 7. c3 O-O 8. Re1
Nc6 9. Bf1 Rc8 10. Qa4 cxd4 11. exd4 Qc7 12. Ba6 Bxa6 13. Qxa6 d5 14. Qd3 Bd6
15. Nf1 h6 16. Be3 Qb7 17. Ng3 b5 18. Bd2 Bxg3 19. hxg3 Ne4 20. a3 a5 21. Bf4
Rfd8 22. g4 g5 23. Bc1 b4 24. Nd2 bxc3 25. bxc3 Nd6 26. a4 Ne7 27. Ba3 Ng6 28.
g3 Nc4 29. Bc5 Rxc5 30. dxc5 Nge5 31. Rxe5 Nxe5 32. Qe2 Qc7 33. Nb3 Nc4 34. Nd4
Qxc5 35. Rb1 Qc7 36. Rb5 Nd6 37. Rb3 Ne4 38. Qa6 Nc5 39. Qc6 Qxc6 40. Nxc6 Nxb3
41. Nxd8 Nc5 42. Nc6 Nxa4 43. Nxa5 Nxc3 0-1

[Event "Chigorin Memorial"]
[Site "St Petersburg RUS"]
[Date "2012.11.01"]
[Round "6.96"]
[White "Ignatyev, Viktor"]
[Black "Kazakov, Maksym"]
[Result "1/2-1/2"]
[WhiteElo "2254"]
[BlackElo "2015"]
[WhiteFideId "24182915"]
[BlackFideId "14128756"]
[EventDate "2012.10.27"]

1. d4 d6 2. c4 e5 3. Nf3 Nd7 4. Nc3 Ngf6 5. g3 c6 6. Bg2 Be7 7. O-O O-O 8. h3
Qc7 9. Qc2 Re8 10. e4 Bf8 11. Be3 a6 12. Rac1 Qb8 13. b4 exd4 14. Nxd4 Ne5 15.
Nce2 c5 16. bxc5 dxc5 17. Nb3 Be6 18. Bxc5 Nxc4 19. Bxf8 Rxf8 20. Ned4 b5 21.
Nxe6 fxe6 22. Nd4 e5 23. Nf5 Qc7 24. Rfd1 Rfd8 25. Ne3 Rac8 26. Rxd8+ Qxd8 27.
Bf1 Nd6 28. Qb3+ Kh8 29. Rd1 Nfxe4 30. Bg2 Qf8 31. Ng4 h5 32. Qe3 hxg4 33. Bxe4
Nxe4 34. Qxe4 Qf3 35. Qxg4 Qxg4 36. hxg4 Rc2 37. a4 bxa4 38. Rd3 e4 39. Re3 Rc4
40. Kg2 Rb4 41. Kh3 g5 42. Rc3 Rb2 43. Rc4 a3 44. Rxe4 a2 45. Ra4 Rxf2 46. Rxa6
Kg7 47. Rxa2 Rxa2 1/2-1/2

[Event "Chigorin Memorial"]
[Site "St Petersburg RUS"]
[Date "2012.11.01"]
[Round "6.97"]
[White "Zhurikhin, Alexander"]
[Black "Grinblat, Artemiy"]
[Result "1-0"]
[WhiteElo "2254"]
[BlackElo "2043"]
[WhiteFideId "4139569"]
[BlackFideId "14135272"]
[EventDate "2012.10.27"]

1. e4 e6 2. d4 d5 3. Nc3 Nf6 4. Bg5 Be7 5. e5 Nfd7 6. Bxe7 Qxe7 7. Qg4 O-O 8.
Bd3 c5 9. Nf3 f5 10. exf6 Nxf6 11. Qh4 g6 12. dxc5 Nc6 13. O-O-O Qxc5 14. Rhe1
Nh5 15. Rd2 Nf4 16. Ng5 Qe7 17. Bf1 Rf5 18. Nf3 Qxh4 19. Nxh4 Re5 20. Red1 d4
21. Nb5 d3 22. c4 Re4 23. Kb1 Rxc4 24. g3 Nd5 25. Bxd3 Rc5 26. Nf3 Ncb4 27. Be2
Bd7 28. Nd6 Ba4 29. Re1 Bc2+ 30. Ka1 Bf5 31. Nd4 b6 32. N6xf5 exf5 33. a3 Ra5
34. Kb1 Na6 35. Nb3 1-0

[Event "Chigorin Memorial"]
[Site "St Petersburg RUS"]
[Date "2012.11.01"]
[Round "6.99"]
[White "Vunder, Andrey"]
[Black "Lauda, Alexandr"]
[Result "1-0"]
[WhiteElo "2243"]
[BlackElo "1991"]
[WhiteFideId "4128338"]
[BlackFideId "13903179"]
[EventDate "2012.10.27"]

1. d4 Nf6 2. Nf3 e6 3. Bf4 b6 4. e3 Bb7 5. Nbd2 Be7 6. h3 c5 7. c3 d5 8. Ne5 O-O
9. Bd3 Nbd7 10. Qf3 Nxe5 11. dxe5 Nd7 12. Qg4 Kh8 13. Nf3 Qe8 14. h4 f5 15. exf6
Bxf6 16. Ng5 e5 17. Bg3 e4 18. Bb5 Ne5 19. Bxe5 Qxb5 20. Qh5 1-0

[Event "Chigorin Memorial"]
[Site "St Petersburg RUS"]
[Date "2012.11.01"]
[Round "6.101"]
[White "Schepetkova, Margarita"]
[Black "Klevets, Ksenia"]
[Result "1/2-1/2"]
[WhiteElo "2239"]
[BlackElo "1861"]
[WhiteFideId "4189949"]
[BlackFideId "24157937"]
[EventDate "2012.10.27"]

1. d4 d5 2. c4 c6 3. Nc3 e5 4. cxd5 cxd5 5. dxe5 d4 6. Qa4+ Nc6 7. Nb5 Bb4+ 8.
Bd2 Bxd2+ 9. Kxd2 Qg5+ 10. Ke1 Qxe5 11. Nf3 Qe7 12. Nfxd4 Nf6 13. Qa3 Nb4 14.
Nc7+ Qxc7 15. Qxb4 Bd7 16. e3 a5 17. Nb5 Bxb5 18. Bxb5+ Nd7 19. Qd2 O-O-O 20.
Bxd7+ Qxd7 21. Rc1+ Kb8 22. Qxd7 Rxd7 23. Ke2 Rhd8 24. Rhd1 Rxd1 25. Rxd1 Rc8
26. Rd7 Rc2+ 27. Rd2 Rc6 28. Kd1 Rg6 29. g3 Kc7 30. f4 Re6 31. Ke2 Kc6 32. Kf3
f5 33. h3 Rh6 34. Kg2 Re6 35. Rd3 h5 36. Kf3 b5 37. Rd8 Kc5 38. Rf8 g6 39. Rd8
a4 40. Ke2 Kc4 41. Rd4+ Kc5 42. Kd3 h4 43. g4 fxg4 44. hxg4 h3 45. Ke2 h2 46.
Rd1 a3 47. b3 Kb4 48. Rh1 Rc6 49. Kd2 Rd6+ 50. Kc2 Rc6+ 51. Kb1 Re6 52. Rxh2
Rxe3 53. Rf2 Kc3 54. Rf1 Re6 55. f5 gxf5 56. gxf5 Rf6 57. Kc1 Kd3 58. Kd1 Ke4
59. Kd2 Rxf5 60. Rxf5 Kxf5 61. Kc3 Ke4 62. Kb4 Kd3 63. Kxb5 Kc2 64. Kc4 Kb2 65.
b4 Kxa2 66. b5 Kb1 67. b6 a2 68. b7 a1=Q 69. b8=Q+ 1/2-1/2

[Event "Chigorin Memorial"]
[Site "St Petersburg RUS"]
[Date "2012.11.01"]
[Round "6.102"]
[White "Spielmann, Alain"]
[Black "Sladkov, Andrey"]
[Result "1/2-1/2"]
[WhiteTitle "FM"]
[WhiteElo "2235"]
[BlackElo "1876"]
[WhiteFideId "602272"]
[BlackFideId "24160350"]
[EventDate "2012.10.27"]

1. c4 f5 2. g3 g6 3. Bg2 Bg7 4. Nc3 Nf6 5. d3 O-O 6. e4 fxe4 7. dxe4 d6 8. Nge2
Nc6 9. O-O e5 10. Nd5 Be6 11. f3 Qd7 12. Be3 b6 13. Qd2 a5 14. b3 Rac8 15. a3
Kh8 16. b4 Bh3 17. c5 Bxg2 18. Kxg2 axb4 19. cxb6 Nxd5 20. exd5 Ne7 21. b7 Rb8
22. axb4 Rxb7 23. Rab1 Nf5 24. Nc3 Rfb8 25. b5 Nd4 26. f4 Nxb5 27. Ne4 Na3 28.
Rxb7 Rxb7 29. fxe5 Nc4 30. e6 Qe7 31. Qc1 Nxe3+ 32. Qxe3 Rb2+ 33. Kh3 Rc2 34.
Rf7 Qe8 35. Nf6 Qb5 36. Qf3 Qb2 37. Ng4 h5 38. e7 hxg4+ 39. Kxg4 Qe5 40. Kh3 Kh7
41. Rxg7+ Kxg7 42. Qf8+ Kh7 43. Qf7+ Kh6 44. Qf8+ Kh7 45. Qf7+ 1/2-1/2

[Event "Chigorin Memorial"]
[Site "St Petersburg RUS"]
[Date "2012.11.01"]
[Round "6.103"]
[White "Kostyuchenko, Vladimir"]
[Black "Karasev, Vladimir I"]
[Result "1-0"]
[BlackTitle "IM"]
[WhiteElo "2101"]
[BlackElo "2373"]
[WhiteFideId "4126084"]
[BlackFideId "4103971"]
[EventDate "2012.10.27"]

1. d4 Nf6 2. c4 c5 3. d5 e5 4. Nc3 d6 5. e4 Be7 6. g3 O-O 7. Bh3 Bxh3 8. Nxh3
Na6 9. O-O Nc7 10. Qd3 Qd7 11. Kg2 Nh5 12. f3 g6 13. Bh6 Ng7 14. a3 a6 15. a4
Rab8 16. b3 b5 17. axb5 axb5 18. Ra7 bxc4 19. bxc4 Rb2+ 20. Rf2 Rxf2+ 21. Nxf2
Qc8 22. Qb1 Rd8 23. Bxg7 Kxg7 24. Qb7 Qxb7 25. Rxb7 Rc8 26. Na4 Bg5 27. Nb6 Rd8
28. Rxc7 Rb8 29. Rc6 Bd8 30. Rc8 Rxb6 31. Rxd8 f5 32. Rd7+ Kh6 33. h4 Rb2 34. g4 1-0

[Event "Chigorin Memorial"]
[Site "St Petersburg RUS"]
[Date "2012.11.01"]
[Round "6.104"]
[White "Shuraev, Andrei"]
[Black "Skvortsov, Alexander"]
[Result "1-0"]
[WhiteTitle "IM"]
[WhiteElo "2368"]
[BlackElo "2110"]
[WhiteFideId "4115295"]
[BlackFideId "24170038"]
[EventDate "2012.10.27"]

1. c4 Nf6 2. Nc3 d5 3. cxd5 Nxd5 4. g3 g6 5. Bg2 Nb6 6. d3 Bg7 7. Be3 O-O 8. Qd2
Re8 9. Bh6 Bh8 10. h4 Nc6 11. h5 Nd4 12. Nf3 Nxf3+ 13. Bxf3 c6 14. hxg6 fxg6 15.
Rh4 Nd5 16. Kf1 Nxc3 17. bxc3 Bf6 18. Bg5 Qa5 19. Bxf6 exf6 20. Kg2 Re7 21. Qb2
Bd7 22. c4 Rf8 23. d4 Be6 24. Re4 Rfe8 25. Rc1 Bh3+ 26. Kxh3 Rxe4 27. Bxe4 Rxe4
28. e3 b6 29. c5 Re6 30. d5 cxd5 31. c6 Re8 32. c7 Qa6 33. Qxf6 Qc8+ 34. Kg2 Qd7
35. Rc6 Rf8 36. Qxf8+ 1-0

[Event "Chigorin Memorial"]
[Site "St Petersburg RUS"]
[Date "2012.11.01"]
[Round "6.106"]
[White "Duzhakov, Ilya"]
[Black "Lobanov, Sergei"]
[Result "0-1"]
[WhiteTitle "FM"]
[WhiteElo "2330"]
[BlackElo "2081"]
[WhiteFideId "4192516"]
[BlackFideId "24183750"]
[EventDate "2012.10.27"]

1. d4 Nf6 2. c4 e6 3. Nc3 Bb4 4. e3 O-O 5. Nf3 d5 6. Bd3 c5 7. O-O Nc6 8. a3
Bxc3 9. bxc3 dxc4 10. Bxc4 Qc7 11. a4 Re8 12. Ba3 Bd7 13. Qe2 Na5 14. Bd3 c4 15.
Bc2 Rac8 16. e4 Nb3 17. Rae1 Qf4 18. Ne5 Qd2 19. Bb2 Qxe2 20. Rxe2 Bxa4 21. f4
a5 22. Ref2 b5 23. g4 b4 24. g5 Nd7 25. Ng4 Bc6 26. f5 exf5 27. exf5 Nb6 28. g6
f6 29. gxh7+ Kxh7 30. cxb4 axb4 31. Ne5 fxe5 32. dxe5 c3 33. f6+ g6 34. Rf4 Bd5
35. Rh4+ Kg8 36. Bxg6 Rxe5 37. f7+ Kg7 38. Rg4 Kf8 39. Bc2 Ke7 40. Rxb4 Rg5+ 41.
Kf2 cxb2 42. Re1+ Kxf7 43. Bxb3 Bxb3 44. Rxb3 Rf5+ 45. Ke2 Re5+ 0-1

[Event "Chigorin Memorial"]
[Site "St Petersburg RUS"]
[Date "2012.11.01"]
[Round "6.107"]
[White "Leontiev, Aleksandr V."]
[Black "Suvorov, Aleksandr"]
[Result "1-0"]
[WhiteTitle "IM"]
[WhiteElo "2321"]
[BlackElo "2065"]
[WhiteFideId "4122968"]
[BlackFideId "24140953"]
[EventDate "2012.10.27"]

1. e4 Nf6 2. e5 Nd5 3. d4 d6 4. c4 Nb6 5. f4 Bf5 6. Bd3 Bxd3 7. Qxd3 dxe5 8.
fxe5 e6 9. Nf3 Bb4+ 10. Bd2 Be7 11. Nc3 Nc6 12. O-O-O Qd7 13. Ne4 O-O-O 14. Bg5
Nb4 15. Qb3 h6 16. Bxe7 Qxe7 17. a3 Na6 18. Rd2 f5 19. exf6 gxf6 20. Re1 c6 21.
Rde2 Nd7 22. Qe3 c5 23. Qf4 e5 24. dxe5 fxe5 25. Qf7 Rhe8 26. Rd2 Nf8 27. Nd6+
Rxd6 28. Qxe7 Rxe7 29. Rxd6 Nd7 30. Rxh6 Nc7 31. Ng5 b5 32. Ne4 Ne6 33. Nd6+ 1-0

[Event "Chigorin Memorial"]
[Site "St Petersburg RUS"]
[Date "2012.11.01"]
[Round "6.108"]
[White "Donskov, Anatoly"]
[Black "Rudakov, Aleksandr"]
[Result "1-0"]
[WhiteTitle "FM"]
[WhiteElo "2305"]
[BlackElo "2060"]
[WhiteFideId "24143413"]
[BlackFideId "24135763"]
[EventDate "2012.10.27"]

1. e4 e6 2. d4 d5 3. Nc3 Nf6 4. Bg5 Bb4 5. exd5 Qxd5 6. Bxf6 gxf6 7. Ne2 Nc6 8.
Qd2 Bxc3 9. Nxc3 Qxd4 10. Qxd4 Nxd4 11. O-O-O c5 12. Ne4 b6 13. c3 Nf5 14. g4
Nh4 15. Nxf6+ Ke7 16. g5 h6 17. f4 Rb8 18. Bb5 hxg5 19. fxg5 Nf3 20. h4 a6 21.
Bc6 Ne5 22. Be4 Bb7 23. Rhe1 Rbd8 24. Bxb7 Nd3+ 25. Rxd3 Rxd3 26. Bxa6 Rg3 27.
Re4 Rh3 28. Nd5+ Kd6 29. Nxb6 R8xh4 30. Nc4+ Ke7 31. Rxh4 Rxh4 32. a4 Rg4 33. a5
Rxg5 34. Bb7 Kd7 35. a6 Kc7 36. Nd6 Kxd6 37. a7 Rg8 38. a8=Q Rxa8 39. Bxa8 c4
40. Kd2 f5 41. Ke3 e5 42. Bb7 1-0

[Event "Chigorin Memorial"]
[Site "St Petersburg RUS"]
[Date "2012.11.01"]
[Round "6.109"]
[White "Ageichenko, Genadi A"]
[Black "Grigorjev, Iljya"]
[Result "1/2-1/2"]
[WhiteTitle "IM"]
[WhiteElo "2301"]
[BlackElo "2053"]
[WhiteFideId "4105222"]
[BlackFideId "24159565"]
[EventDate "2012.10.27"]

1. d4 Nf6 2. c4 g6 3. Nc3 d5 4. Bf4 Bg7 5. e3 c5 6. dxc5 Qa5 7. Qa4+ Qxa4 8.
Nxa4 Bd7 9. Nc3 dxc4 10. Bxc4 Bc6 11. Nf3 Nbd7 12. O-O Nh5 13. Ng5 Nxf4 14. exf4
e6 15. Rac1 Nxc5 16. b4 Na4 17. Nxa4 Bxa4 18. Be2 Bc6 19. Bf3 Bxf3 20. Nxf3 O-O
21. Rc7 b5 22. g3 a5 23. Rb1 axb4 24. Rxb4 Rfb8 25. Ne5 Bxe5 26. fxe5 Rxa2 27.
Rf4 Rf8 28. Rb4 Rb8 29. Rf4 Rf8 30. Rb4 1/2-1/2